000 00635nam a2200289Ia 4500
008 210210b2017 xxu||||| |||| 00| 0 eng d
020 _a9788192778747
041 _aeng
082 _a380.02 AKHU
100 _aAKHILA (M)
245 _aUGC NET/JRF/SET: Commerce Paper II and III Ed 1
250 _a
260 _aUP
_bDeepak Series
_c2017
300 _aviii,937
650 _aUGC
650 _aPaper
650 _aNET/JRF/SET:
650 _aIII
650 _aII
650 _aEd
650 _aCommerce
650 _aand
650 _a1
690 _aUGC/NET Exams
700 _aMEENAKSHI (A)
906 _a071330
999 _c120655
_d120655